[Event "Reykjavik Open 2015"]
[Site "Reykjavik ISL"]
[Date "2015.03.17"]
[Round "9.52"]
[White "Risting, Eivind Olav"]
[Black "Maisuradze, Nino"]
[Result "1-0"]
[BlackTitle "WGM"]
[WhiteElo "2100"]
[BlackElo "2302"]
[WhiteFideId "1517333"]
[BlackFideId "13601717"]
[EventDate "2015.03.10"]

1. c4 e5 2. Nc3 Nc6 3. Nf3 f5 4. d4 e4 5. Ng5 Be7 6. h4 Nf6 7. e3 h6 8. Nh3 O-O
9. Nf4 Bb4 10. Bd2 Ne7 11. Nxe4 fxe4 12. Bxb4 d6 13. Be2 a5 14. Bc3 c6 15. d5 c5
16. g4 Qe8 17. g5 hxg5 18. hxg5 Nh7 19. Bh5 g6 20. Bxg6 Nxg6 21. Rxh7 Ne5 22. g6
Rxf4 23. Rh8+ Kxh8 24. Qh5+ Kg7 25. Qh7+ Kf6 26. exf4 Qxg6 27. fxe5+ dxe5 28.
Qh8+ Kf7 29. O-O-O Qg5+ 30. Bd2 Qg7 31. Rh1 Qxh8 32. Rxh8 Ke7 33. Bg5+ Kf7 34.
d6 Ke6 35. Rd8 Ra6 36. Rxc8 Kxd6 37. Bh6 b6 38. Rd8+ Ke6 39. Rb8 a4 40. Kd2 a3
41. b3 Kf5 42. Bf8 b5 43. Bxc5 bxc4 44. bxc4 1-0

[Event "Reykjavik Open 2015"]
[Site "Reykjavik ISL"]
[Date "2015.03.17"]
[Round "9.53"]
[White "Tjomsland, Stig"]
[Black "Stray, Gunnar"]
[Result "1/2-1/2"]
[WhiteTitle "FM"]
[WhiteElo "2300"]
[BlackElo "2065"]
[WhiteFideId "1501704"]
[BlackFideId "1501631"]
[EventDate "2015.03.10"]

1. d4 d5 2. Nf3 Nf6 3. c4 c6 4. Nc3 e6 5. e3 Bd6 6. Qc2 Nbd7 7. Be2 O-O 8. O-O
b6 9. e4 dxe4 10. Nxe4 Be7 11. Bf4 Nxe4 12. Qxe4 Bb7 13. Rad1 Nf6 14. Qc2 Qc8
15. Ng5 h6 16. Ne4 Rd8 17. c5 Nxe4 18. Qxe4 Ba6 19. Bxa6 Qxa6 20. Qxc6 Qxa2 21.
b4 Qd5 22. Qxd5 Rxd5 23. Be3 Bf6 24. Rd3 e5 25. Rc1 bxc5 26. bxc5 Rc8 27. c6
exd4 28. c7 Be5 29. f4 Bd6 30. Rxd4 Rxd4 31. Bxd4 Rxc7 32. Rxc7 Bxc7 33. Bxa7
Bxf4 34. g3 Be5 35. g4 Kh7 36. Kg2 Kg6 37. h3 h5 38. Kf3 Kg5 39. Bf2 hxg4+ 40.
hxg4 g6 41. Be1 Kf6 42. Ke4 Ke6 43. Bb4 Bb2 44. Bc5 Bc1 45. Bd4 f5+ 1/2-1/2

[Event "Reykjavik Open 2015"]
[Site "Reykjavik ISL"]
[Date "2015.03.17"]
[Round "9.54"]
[White "Bucher, Grant W"]
[Black "Kochetkova, Julia"]
[Result "1-0"]
[BlackTitle "WGM"]
[WhiteElo "2087"]
[BlackElo "2288"]
[WhiteFideId "413810"]
[BlackFideId "4139690"]
[EventDate "2015.03.10"]

1. e4 c5 2. f4 Nc6 3. Nf3 g6 4. Bb5 Bg7 5. Bxc6 bxc6 6. d3 Rb8 7. Nc3 d6 8. O-O
Nf6 9. Qe1 e6 10. e5 Ng4 11. h3 Nh6 12. Ne4 Nf5 13. g4 d5 14. gxf5 dxe4 15. Qxe4
exf5 16. Qxc6+ Bd7 17. Qxc5 Rc8 18. Qf2 Bc6 19. Qe2 O-O 20. Be3 Qc7 21. c3 Rfe8
22. d4 Bd5 23. Rfc1 f6 24. b3 fxe5 25. Nxe5 g5 26. c4 Bb7 27. Qf2 Be4 28. Kh2 g4
29. hxg4 fxg4 30. Rg1 h5 31. Qh4 Re6 32. Qg5 Rf8 33. Qh4 Rf5 34. Raf1 Bf6 35.
Qe1 Bb7 36. Qb1 Rfxe5 37. fxe5 Bxe5+ 38. dxe5 Qxe5+ 39. Bf4 Qe2+ 40. Kg3 1-0

[Event "Reykjavik Open 2015"]
[Site "Reykjavik ISL"]
[Date "2015.03.17"]
[Round "9.55"]
[White "Wahedi, Ahmad Siar"]
[Black "Lux, Gregory"]
[Result "1-0"]
[WhiteTitle "FM"]
[WhiteElo "2287"]
[BlackElo "2065"]
[WhiteFideId "4651260"]
[BlackFideId "619280"]
[EventDate "2015.03.10"]

1. d4 Nf6 2. Nc3 e6 3. e4 d5 4. Bg5 Bb4 5. e5 h6 6. Bd2 Bxc3 7. bxc3 Ne4 8. Qg4
Kf8 9. Bd3 Nxd2 10. Kxd2 c5 11. h4 Nc6 12. Rh3 c4 13. Be2 Bd7 14. Rg3 Rg8 15.
Nh3 Qa5 16. Rf3 b5 17. Qg6 Nd8 18. Rf4 b4 19. Bh5 Be8 20. Qh7 Qa3 21. Rf3 Qb2
22. Rc1 b3 23. axb3 cxb3 24. Nf4 Ke7 25. Qxg8 Qa2 26. Nxe6 Nxe6 27. Rxf7+ Bxf7
28. Qxf7+ Kd8 29. Qxe6 b2 30. Qe8+ Kc7 31. Qxa8 bxc1=Q+ 32. Kxc1 Qa6 33. Qxd5
Qf1+ 34. Kb2 Qxf2 35. Qd6+ Kb7 36. Bf3+ Kc8 37. e6 1-0

[Event "Reykjavik Open 2015"]
[Site "Reykjavik ISL"]
[Date "2015.03.17"]
[Round "9.56"]
[White "Niemann, Hans M"]
[Black "Birkisson, Bardur Orn"]
[Result "1-0"]
[WhiteElo "2275"]
[BlackElo "1839"]
[WhiteFideId "2093596"]
[BlackFideId "2310597"]
[EventDate "2015.03.10"]

1. d4 Nf6 2. c4 e6 3. Nf3 Bb4+ 4. Bd2 a5 5. g3 b6 6. Bg2 Bb7 7. O-O O-O 8. Qc2
Qe7 9. Bf4 Bd6 10. Bxd6 Qxd6 11. Nc3 Qe7 12. e4 d6 13. Rfe1 e5 14. Rad1 Nc6 15.
d5 Nb4 16. Qb1 Na6 17. a3 Nc5 18. b4 Ncd7 19. Qb3 Rfe8 20. Re2 h6 21. Ne1 Ba6
22. Nd3 Reb8 23. Rc2 g6 24. Ne2 Kg7 25. Qc3 Kh7 26. Rb1 Bc8 27. Nec1 h5 28. Nb3
a4 29. Nd2 Ba6 30. Rbc1 h4 31. Nb2 Bb7 32. Qd3 Kg7 33. Nb1 hxg3 34. fxg3 Rh8 35.
Qf3 c6 36. Nc3 cxd5 37. cxd5 Ra7 38. Nb5 Raa8 39. Nc4 Ne8 40. Qe3 Ba6 41. Nxb6
Nxb6 42. Qxb6 Bxb5 43. Qxb5 Qa7+ 44. Kh1 Nf6 45. Qe2 Nh5 46. Qf3 Raf8 47. Rc7
Qd4 48. Rf1 Kh6 49. Rxf7 Rxf7 50. Qxf7 Nxg3+ 51. hxg3 Kg5+ 52. Bh3 Rxh3+ 53. Kg2
Rh5 54. Rf5+ 1-0

[Event "Reykjavik Open 2015"]
[Site "Reykjavik ISL"]
[Date "2015.03.17"]
[Round "9.57"]
[White "Machado, Eduardo Ribeiro"]
[Black "Poley, Vladimir"]
[Result "0-1"]
[BlackTitle "IM"]
[WhiteElo "1818"]
[BlackElo "2269"]
[WhiteFideId "2140608"]
[BlackFideId "13500090"]
[EventDate "2015.03.10"]

1. d4 d5 2. c4 e6 3. Nc3 a6 4. Nf3 dxc4 5. e3 c5 6. Bxc4 Nf6 7. O-O Nbd7 8. e4
b5 9. Bd3 cxd4 10. Nxd4 Ne5 11. Bc2 Bb7 12. f4 Bc5 13. Ne2 Nc6 14. Be3 Ng4 15.
Nxc6 Bxe3+ 16. Kh1 Qxd1 0-1

[Event "Reykjavik Open 2015"]
[Site "Reykjavik ISL"]
[Date "2015.03.17"]
[Round "9.58"]
[White "Quillien, Emmanuel"]
[Black "Andersen, Niels Erik"]
[Result "1-0"]
[WhiteElo "2202"]
[BlackElo "1900"]
[WhiteFideId "616524"]
[BlackFideId "1406507"]
[EventDate "2015.03.10"]

1. g3 c5 2. Bg2 Nc6 3. Nf3 Nf6 4. d4 cxd4 5. Nxd4 g6 6. O-O Bg7 7. c4 O-O 8. Nc3
Nxd4 9. Qxd4 d6 10. Qd3 Rb8 11. Be3 a6 12. Ba7 Ra8 13. Bd4 Rb8 14. Rfd1 Be6 15.
b3 Qa5 16. h3 Rfd8 17. a4 Nd7 18. Bxg7 Kxg7 19. Rab1 Qc7 20. Kh1 Nf6 21. e4 Qc5
22. f4 Qh5 23. Kh2 Ng4+ 24. Kg1 Nf6 25. g4 Qc5+ 26. Qd4 b6 27. g5 Qxd4+ 28. Rxd4
Ne8 29. Kf2 Kf8 30. Ke3 Ng7 31. h4 Rdc8 32. Bf3 Rc5 33. Be2 Rbc8 34. Na2 R5c7
35. Nb4 a5 36. Na2 Bd7 37. Nc3 Be6 38. Rd2 Rb8 39. Rh1 Kg8 40. h5 f6 41. hxg6
hxg6 42. gxf6 exf6 43. Rxd6 Re7 44. Kf2 Ne8 45. Rd3 Nc7 46. Rg3 Rg7 47. Rhg1 Bf7
48. Bh5 g5 49. Bxf7+ Rxf7 50. fxg5 fxg5+ 51. Ke3 Ne6 52. Nd5 Rbb7 53. Rh1 Kg7
54. Rgh3 Nf8 55. Rh5 Kg6 56. Rh6+ Kg7 57. Rxb6 Rxb6 58. Nxb6 Rb7 59. c5 Ne6 60.
Rc1 Kf6 61. Nd5+ Ke5 62. Rc3 1-0

[Event "Reykjavik Open 2015"]
[Site "Reykjavik ISL"]
[Date "2015.03.17"]
[Round "9.59"]
[White "Thorhallsson, Simon"]
[Black "Haug, Johannes"]
[Result "0-1"]
[BlackTitle "FM"]
[WhiteElo "2009"]
[BlackElo "2339"]
[WhiteFideId "2310090"]
[BlackFideId "1509268"]
[EventDate "2015.03.10"]

1. d4 Nf6 2. c4 e6 3. Nc3 Bb4 4. e3 O-O 5. Ne2 d5 6. a3 Bd6 7. c5 Be7 8. b4 b6
9. Nf4 c6 10. Nd3 a5 11. Bb2 Ba6 12. Be2 Nbd7 13. f4 Qc7 14. O-O Rfb8 15. Qc2
Ne4 16. Nxe4 dxe4 17. Nf2 Bxe2 18. Qxe2 f5 19. Qc4 Kf7 20. g4 g6 21. g5 h6 22.
Nxe4 b5 23. Qb3 hxg5 24. d5 exd5 25. Nxg5+ Bxg5 26. fxg5 Re8 27. Rae1 Re4 28.
Rf3 Rg4+ 29. Kh1 Rh4 30. Qc2 Kg8 31. Re2 Re8 32. Rxf5 gxf5 33. Qxf5 Nf8 34. Rf2
Qe7 35. Rf3 Rh5 36. Qg4 Rxg5 37. Qd4 Ng6 38. Rh3 Qe4+ 39. Qxe4 Rxe4 0-1

[Event "Reykjavik Open 2015"]
[Site "Reykjavik ISL"]
[Date "2015.03.17"]
[Round "9.60"]
[White "Edvardsen, Ragnar"]
[Black "Foisor, Sabina-Francesca"]
[Result "0-1"]
[BlackTitle "WGM"]
[WhiteElo "2001"]
[BlackElo "2279"]
[WhiteFideId "1502719"]
[BlackFideId "1212915"]
[EventDate "2015.03.10"]

1. e4 e5 2. Nf3 Nc6 3. Bb5 Nge7 4. O-O a6 5. Ba4 g6 6. c3 Bg7 7. d4 exd4 8. cxd4
O-O 9. Nc3 b5 10. Bc2 d6 11. h3 Bb7 12. Be3 Na5 13. Qc1 Qd7 14. Bh6 Rae8 15.
Bxg7 Kxg7 16. Nh4 h6 17. f4 Nec6 18. Qd1 Qd8 19. Nf3 Nc4 20. Qc1 f5 21. e5 Nxd4
22. Nxd4 dxe5 23. Nf3 exf4 24. Rd1 Qe7 25. Qxf4 Nxb2 26. Qd4+ Qf6 27. Qxf6+ Kxf6
28. Re1 c5 29. Rab1 Nc4 30. Rbd1 Rxe1+ 31. Rxe1 Rd8 32. Kf2 Na3 33. Rd1 Re8 34.
Rd2 c4 35. Bd1 b4 36. Nd5+ Bxd5 37. Rxd5 Nb1 38. Rd6+ Re6 39. Rxe6+ Kxe6 40. Ke3
Kd5 41. Nh4 f4+ 42. Ke2 g5 43. Nf5 Nc3+ 44. Kd2 Nxa2 45. Nxh6 b3 46. Nf7 Kd4 47.
Nxg5 c3+ 48. Ke2 c2 0-1

[Event "Reykjavik Open 2015"]
[Site "Reykjavik ISL"]
[Date "2015.03.17"]
[Round "9.61"]
[White "Carlsen, Henrik"]
[Black "Kristinsson, Jon"]
[Result "0-1"]
[WhiteElo "1986"]
[BlackElo "2251"]
[WhiteFideId "1502832"]
[BlackFideId "2300141"]
[EventDate "2015.03.10"]

1. d4 Nf6 2. c4 g6 3. Nc3 Bg7 4. e4 d6 5. Nf3 O-O 6. Be2 Nbd7 7. O-O e5 8. dxe5
dxe5 9. Qc2 c6 10. Be3 Qe7 11. Na4 Ng4 12. Bg5 f6 13. Bd2 Re8 14. h3 Nh6 15. c5
Nf8 16. Rad1 Nf7 17. Bc4 Be6 18. b4 Rad8 19. Be3 f5 20. exf5 gxf5 21. Bxe6 Qxe6
22. Ng5 Qg6 23. Qb3 h6 24. Nxf7 Qxf7 25. Nb2 f4 26. Bc1 Ne6 27. Rd6 Rxd6 28.
cxd6 Rd8 29. b5 Rxd6 30. Qa3 Rd5 31. bxc6 bxc6 32. Nc4 Qd7 33. Bb2 Nd4 34. Qd3
f3 35. Qe4 Ne2+ 36. Kh2 fxg2 37. Qxg2 Nf4 38. Qg4 Qxg4 39. hxg4 Nd3 40. Ba1 Rc5
41. Ne3 Ra5 42. Nf5 Rxa2 43. Kg3 Nxf2 44. Nxg7 Ne4+ 45. Kh3 Kxg7 46. Bxe5+ Kg6
47. Rf8 h5 48. gxh5+ Kxh5 49. Rg8 a5 50. Bf4 a4 51. Re8 Nf6 52. Re6 Ra3+ 53. Kg2
Nd5 54. Bd6 Rc3 55. Kf2 Kg5 56. Re2 Kf5 57. Re5+ Kf6 58. Re1 Kf7 59. Ra1 Ke6 60.
Bf8 Nb6 61. Bg7 Rc4 62. Ke3 Rg4 63. Bh8 Kd5 64. Kd3 Rg3+ 65. Kc2 Kc4 66. Rh1
Rg2+ 67. Kb1 c5 68. Ka1 Nd5 69. Rh3 Nb4 70. Rc3+ Kb5 71. Rh3 a3 72. Rh1 Ka4 73.
Bf6 c4 74. Bh8 Rc2 75. Bg7 c3 76. Rg1 Ra2+ 77. Kb1 c2+ 0-1

[Event "Reykjavik Open 2015"]
[Site "Reykjavik ISL"]
[Date "2015.03.17"]
[Round "9.62"]
[White "Stuhr, Peter Sebastian"]
[Black "Schou-Moldt, Thomas"]
[Result "0-1"]
[WhiteElo "1973"]
[BlackElo "2211"]
[WhiteFideId "1426729"]
[BlackFideId "1401297"]
[EventDate "2015.03.10"]

1. e4 g6 2. Bc4 c6 3. Nc3 Nf6 4. e5 d5 5. exd6 exd6 6. d4 d5 7. Bd3 Bg7 8. Qe2+
Be6 9. Bf4 O-O 10. O-O-O b5 11. Re1 Nbd7 12. f3 Qb6 13. Qf2 b4 14. Na4 Qa5 15.
b3 Nb6 16. Nc5 Bc8 17. Ne2 Nfd7 18. Nxd7 Bxd7 19. Kd2 c5 20. Bd6 c4 21. Bxf8
Rxf8 22. bxc4 dxc4 23. Be4 f5 24. Qg3 fxe4 25. fxe4 Bh6+ 26. Kd1 Qxa2 27. Nc3
bxc3 28. Qxc3 Qb1+ 0-1

[Event "Reykjavik Open 2015"]
[Site "Reykjavik ISL"]
[Date "2015.03.17"]
[Round "9.63"]
[White "Zhou, Qiyu"]
[Black "Vigdal, Per Kr"]
[Result "1/2-1/2"]
[WhiteTitle "WFM"]
[WhiteElo "2182"]
[BlackElo "1985"]
[WhiteFideId "505161"]
[BlackFideId "1504681"]
[EventDate "2015.03.10"]

1. d4 Nf6 2. Nf3 e6 3. e3 d5 4. Bd3 c5 5. b3 Qc7 6. Bb2 c4 7. bxc4 dxc4 8. Be2
Nbd7 9. c3 b5 10. a4 b4 11. O-O a5 12. Nbd2 Ba6 13. e4 Be7 14. Ne1 b3 15. f4 Nb6
16. f5 e5 17. dxe5 Qxe5 18. Nef3 Qc5+ 19. Nd4 Rd8 20. Nxb3 cxb3 21. Bxa6 O-O 22.
Qxb3 Rb8 23. Ba3 Qc7 24. Bxe7 Qxe7 25. Rfe1 Nbd7 26. Qc2 Ne5 27. Kh1 Qc7 28.
Rab1 Neg4 29. Nf3 Rxb1 30. Rxb1 Nxe4 31. Rf1 Nc5 32. Qe2 Nxa6 33. Qxa6 Qxc3 1/2-1/2

[Event "Reykjavik Open 2015"]
[Site "Reykjavik ISL"]
[Date "2015.03.17"]
[Round "9.64"]
[White "Bjerke, Richard"]
[Black "Jonsson, Gauti Pall"]
[Result "1-0"]
[WhiteTitle "FM"]
[WhiteElo "2180"]
[BlackElo "1968"]
[WhiteFideId "1500252"]
[BlackFideId "2309092"]
[EventDate "2015.03.10"]

1. e4 c5 2. Nf3 e6 3. g3 d5 4. exd5 Qxd5 5. Nc3 Qd8 6. Bg2 Nc6 7. O-O Nf6 8. Re1
Be7 9. b3 O-O 10. Bb2 a6 11. a3 Qc7 12. Qe2 Rd8 13. d3 Rb8 14. Ne4 Nd4 15. Qd1
b5 16. Neg5 h6 17. Nxd4 cxd4 18. Nf3 Bc5 19. b4 Bb6 20. Bc1 Nd5 21. Ne5 Nc3 22.
Qg4 Nd5 23. Bxh6 f6 24. Nc6 e5 25. Qg6 Bf5 26. Qxf5 Qxc6 27. Qg6 Rd7 28. Rxe5
Kf8 29. Rae1 1-0

[Event "Reykjavik Open 2015"]
[Site "Reykjavik ISL"]
[Date "2015.03.17"]
[Round "9.65"]
[White "Masungwini, Michael T"]
[Black "Thorgeirsson, Jon Kristinn"]
[Result "0-1"]
[WhiteElo "1972"]
[BlackElo "2177"]
[WhiteFideId "14308231"]
[BlackFideId "2307731"]
[EventDate "2015.03.10"]

1. d4 Nf6 2. Nc3 d5 3. Bf4 c5 4. e3 Nc6 5. Nb5 Bf5 6. Nc7+ Kd7 7. Nxa8 Qxa8 8.
c3 e6 9. Nf3 cxd4 10. exd4 Ne4 11. Bb5 f6 12. Nh4 g5 13. Nxf5 exf5 14. Bd2 a6
15. Bd3 Qe8 16. O-O Bd6 17. f3 Qh5 18. f4 g4 19. Bxe4 fxe4 20. Be3 Rg8 21. Qe2
Rg6 22. g3 Ne7 23. h4 Nf5 24. Kg2 Rh6 25. Rh1 Ke7 26. b4 Qe8 27. a4 Qc6 28. Bd2
Qd7 29. b5 a5 30. b6 Qe6 31. Be3 Qc8 32. Rhc1 Qc4 33. Qd2 Rg6 34. Bf2 Rg8 35.
Qa2 Qd3 36. Rg1 Nxh4+ 37. Kh2 Ke6 38. f5+ Nxf5 39. Rae1 Rg5 40. Rg2 Nh4 41. Rgg1
Rh5 42. Qe2 Qf3 43. Qxf3 gxf3 44. Rgf1 Nf5+ 45. Kg1 Bxg3 46. c4 Bh2+ 47. Kh1
Ng3+ 48. Bxg3 Bxg3+ 49. Kg1 Bxe1 50. Rxe1 Rg5+ 51. Kf1 Kd6 52. c5+ Kc6 53. Rb1
e3 54. Re1 Rg1+ 0-1

[Event "Reykjavik Open 2015"]
[Site "Reykjavik ISL"]
[Date "2015.03.17"]
[Round "9.66"]
[White "Haessel, Dale R."]
[Black "Gyldenas, Ole Jorn"]
[Result "1-0"]
[WhiteTitle "FM"]
[WhiteElo "2174"]
[BlackElo "1969"]
[WhiteFideId "2012618"]
[BlackFideId "1503847"]
[EventDate "2015.03.10"]

1. d4 Nf6 2. c4 e6 3. Nf3 b6 4. a3 Bb7 5. Nc3 d5 6. Bg5 Be7 7. e3 O-O 8. Rc1
Nbd7 9. cxd5 exd5 10. Be2 h6 11. Bf4 c6 12. O-O Nh5 13. Be5 g6 14. Qa4 a5 15.
Rfd1 Re8 16. e4 b5 17. Qb3 Bg5 18. Nxg5 Qxg5 19. exd5 Nxe5 20. dxe5 Rxe5 21. Bf3
Rae8 22. g3 cxd5 23. Nxb5 Ba6 24. h4 Qf6 25. Nc7 Rf8 26. Nxa6 Qxa6 27. Bxd5 Nf6
28. Rc6 Qe2 29. Rxf6 Kg7 30. Qf3 1-0

[Event "Reykjavik Open 2015"]
[Site "Reykjavik ISL"]
[Date "2015.03.17"]
[Round "9.67"]
[White "Baldvinsson, Loftur"]
[Black "Hardarson, Jon Trausti"]
[Result "0-1"]
[WhiteElo "1945"]
[BlackElo "2170"]
[WhiteFideId "2301261"]
[BlackFideId "2302594"]
[EventDate "2015.03.10"]

1. e4 e5 2. Nf3 Nc6 3. c3 d5 4. Bb5 dxe4 5. Nxe5 Qd5 6. Qa4 Ne7 7. Nxc6 Nxc6 8.
O-O Bd7 9. Re1 O-O-O 10. c4 Qd4 11. Nc3 Bc5 12. Re3 f5 13. b4 Nxb4 14. Bxd7+
Rxd7 15. Rb1 Qxc4 16. a3 Bxe3 17. Rxb4 Bxf2+ 18. Kxf2 Qc5+ 19. Ke2 Qg1 20. Rb1
Qxg2+ 21. Kd1 Qf1+ 22. Kc2 Qd3+ 23. Kb2 a6 24. Ka2 Qd6 25. Nb5 Qd5+ 26. Ka1 Qe5+
27. Ka2 Kb8 28. Nc3 Qe6+ 29. Ka1 Rhd8 30. Qb4 Qc6 31. Qa5 g6 32. Na2 Rd5 33. Nb4
Qf6+ 34. Bb2 Rxa5 35. Bxf6 Rd6 36. Be7 Re6 37. Ka2 Kc8 38. Bg5 Rc5 39. Be3 Rc4
40. Rb3 b5 41. Nd5 Rd6 42. Nc3 Rd3 43. Bf4 e3 0-1

[Event "Reykjavik Open 2015"]
[Site "Reykjavik ISL"]
[Date "2015.03.17"]
[Round "9.68"]
[White "Mehringer, Joerg"]
[Black "Halldorsson, Bragi"]
[Result "1-0"]
[WhiteElo "1955"]
[BlackElo "2140"]
[WhiteFideId "12915351"]
[BlackFideId "2300907"]
[EventDate "2015.03.10"]

1. e4 c6 2. d4 d5 3. e5 Bf5 4. h4 h6 5. g4 Be4 6. f3 Bg6 7. h5 Bh7 8. Bd3 Bxd3
9. Qxd3 e6 10. f4 Qa5+ 11. c3 c5 12. Nf3 cxd4 13. Nxd4 Nd7 14. Be3 Ne7 15. Nd2
Nc6 16. N2b3 Qc7 17. Nb5 Qd8 18. a4 Be7 19. Ke2 a6 20. N5d4 Nxd4+ 21. Bxd4 Qc7
22. Nd2 Rc8 23. Qe3 Bc5 24. Rac1 Nb6 25. b4 Bxd4 26. cxd4 Qxc1 27. Rxc1 Rxc1 28.
Qa3 Rc2 29. Qb3 Rc7 30. a5 Nd7 31. Qg3 f6 32. g5 hxg5 33. fxg5 f5 34. Qh4 g6 35.
h6 Kf7 36. Qh3 Nf8 37. Qb3 Nh7 38. Nf3 Rhc8 39. Kd2 Rc6 40. Qa4 R8c7 41. Qb3 Nf8
42. Ne1 Rc4 43. Kd3 Nd7 44. b5 axb5 45. Qxb5 Rc3+ 46. Ke2 Nb8 47. Qb4 R3c4 48.
Qd6 Nd7 49. h7 Kg7 50. Qe7+ Kh8 51. Qf7 1-0

[Event "Reykjavik Open 2015"]
[Site "Reykjavik ISL"]
[Date "2015.03.17"]
[Round "9.69"]
[White "Rueger, Erhard"]
[Black "Petersson, Baldur Teodor"]
[Result "0-1"]
[WhiteElo "2133"]
[BlackElo "1951"]
[WhiteFideId "4609611"]
[BlackFideId "2309157"]
[EventDate "2015.03.10"]

1. Nf3 Nf6 2. g3 d5 3. Bg2 c6 4. O-O Bg4 5. d3 Bxf3 6. Bxf3 e6 7. b3 Bd6 8. Bb2
Nbd7 9. Nd2 Qc7 10. e4 h5 11. Qe2 h4 12. d4 dxe4 13. Nxe4 Nxe4 14. Bxe4 Nf6 15.
Bf3 Rh6 16. Kg2 O-O-O 17. c4 Rdh8 18. c5 Bxg3 19. hxg3 hxg3 20. Qe5 Qa5 21. Kg1
Qd2 22. Bc1 gxf2+ 23. Rxf2 Rh1+ 24. Bxh1 Qd1+ 25. Rf1 Rxh1+ 0-1

[Event "Reykjavik Open 2015"]
[Site "Reykjavik ISL"]
[Date "2015.03.17"]
[Round "9.70"]
[White "Klausen, Kris"]
[Black "Gonzalez Pruneda, Arturo"]
[Result "0-1"]
[WhiteElo "1937"]
[BlackElo "2131"]
[WhiteFideId "1445570"]
[BlackFideId "2256860"]
[EventDate "2015.03.10"]

1. d4 Nf6 2. c4 c5 3. d5 e6 4. Nc3 exd5 5. cxd5 d6 6. Bf4 g6 7. e4 Bg7 8. Bb5+
Bd7 9. Qa4 O-O 10. Nge2 Re8 11. f3 a6 12. Bxd6 Bxb5 13. Nxb5 Nbd7 14. Nc7 Nb6
15. Qb3 Qxd6 16. Nxa8 Rxa8 17. O-O Re8 18. Nc3 Nh5 19. Na4 Bd4+ 20. Kh1 Ng3+ 21.
hxg3 Qf8 22. Nxb6 Qh6# 0-1

[Event "Reykjavik Open 2015"]
[Site "Reykjavik ISL"]
[Date "2015.03.17"]
[Round "9.71"]
[White "Valdimarsson, Einar"]
[Black "Gonzalez Gonzalez, Alfonso"]
[Result "1-0"]
[WhiteElo "1889"]
[BlackElo "2122"]
[WhiteFideId "2304813"]
[BlackFideId "2223007"]
[EventDate "2015.03.10"]

1. e4 c5 2. Nc3 Nc6 3. f4 g6 4. Nf3 Bg7 5. Bb5 a6 6. Bxc6 bxc6 7. O-O Nh6 8. h3
d6 9. d3 Qb6 10. Na4 Qa5 11. c4 Rb8 12. Rb1 f5 13. e5 O-O 14. Kh1 Nf7 15. Re1
Qc7 16. b3 Nd8 17. Qe2 Ne6 18. Qf2 Bd7 19. Qh4 Rbe8 20. Bb2 h6 21. Re2 d5 22.
Ba3 Qa5 23. Rd1 d4 24. Rf1 Bc8 25. Qg3 Kh7 26. Nh4 g5 27. fxg5 f4 28. Qg4 hxg5
29. Qh5+ Kg8 30. Nf3 Rd8 31. Bxc5 Nxc5 32. Nxg5 Rf5 33. b4 Qxa4 34. Qh7+ Kf8 35.
e6 Rf6 36. bxc5 f3 37. gxf3 Qa3 38. Rg1 Rh6 39. Qf5+ Bf6 40. Nh7+ Rxh7 41. Qxh7
Bxe6 42. Rxe6 Ke8 43. Rxf6 Qxc5 44. Rg8+ Kd7 1-0

[Event "Reykjavik Open 2015"]
[Site "Reykjavik ISL"]
[Date "2015.03.17"]
[Round "9.73"]
[White "Gulbrandsen, Tor"]
[Black "Haraldsson, Haraldur"]
[Result "0-1"]
[WhiteElo "2095"]
[BlackElo "1948"]
[WhiteFideId "1504142"]
[BlackFideId "2311100"]
[EventDate "2015.03.10"]

1. c4 Nf6 2. g3 c6 3. Bg2 d5 4. b3 dxc4 5. bxc4 Qd4 6. Nc3 Qxc4 7. Nf3 Nbd7 8.
Bb2 e5 9. O-O Bd6 10. a4 h6 11. a5 O-O 12. a6 bxa6 13. d3 Qe6 14. Nd2 Rb8 15.
Qc2 Nd5 16. Nc4 Bb4 17. Na4 Bb7 18. Rfb1 c5 19. e4 N5b6 20. Ne3 Nxa4 21. Rxa4
Nb6 22. Raa1 a5 23. Qe2 Rbd8 24. Nf5 Rfe8 25. f4 Nd7 26. Qg4 Qf6 27. Rf1 Kh7 28.
Qh5 Qe6 29. fxe5 Nxe5 30. Nxg7 Qg6 31. Nxe8 Rxe8 32. Qxg6+ Kxg6 33. Bh3 f6 34.
Bf5+ Kg7 35. Rad1 Rd8 36. Kg2 Ba6 37. Bxe5 fxe5 38. Rf3 c4 39. Be6 cxd3 40. Rf7+
Kh8 41. Rxa7 Rd6 42. Bd5 d2 43. Ra8+ Kg7 44. Ra7+ Kg6 45. Kf3 Rf6+ 46. Kg2 Be2
47. Rxd2 Bxd2 48. Bg8 h5 49. Bh7+ Kh6 50. Bf5 Rxf5 51. exf5 Kg5 52. Rf7 Bd3 53.
h4+ Kh6 54. Rd7 e4 55. g4 hxg4 56. Kg3 e3 57. Rxd3 e2 58. Rd6+ Kg7 0-1

[Event "Reykjavik Open 2015"]
[Site "Reykjavik ISL"]
[Date "2015.03.17"]
[Round "9.74"]
[White "Heimisson, Hilmir Freyr"]
[Black "Djurhuus, Eivind X"]
[Result "0-1"]
[WhiteElo "1861"]
[BlackElo "2077"]
[WhiteFideId "2309998"]
[BlackFideId "1515721"]
[EventDate "2015.03.10"]

1. d4 d5 2. c4 e6 3. Nf3 c6 4. Nc3 dxc4 5. Ne5 b5 6. e3 Bb7 7. a3 Nf6 8. Be2
Nbd7 9. f4 Qb6 10. O-O Be7 11. Qe1 c5 12. Qf2 O-O 13. b3 cxb3 14. Bxb5 cxd4 15.
Nxd7 Nxd7 16. exd4 Nf6 17. Bd3 Ng4 18. Qg3 Qxd4+ 19. Kh1 Bc5 20. Bb2 Nf2+ 21.
Rxf2 Qxf2 22. Qh3 f5 23. Na4 Qe3 24. Qh5 Qxd3 25. Bxg7 Kxg7 26. Rd1 Bxg2+ 27.
Kxg2 Qe4+ 28. Kh3 Qxa4 29. Rc1 b2 30. Rxc5 Qxa3+ 0-1

[Event "Reykjavik Open 2015"]
[Site "Reykjavik ISL"]
[Date "2015.03.17"]
[Round "9.75"]
[White "Babijczuk, Wojciech"]
[Black "Hald, Jens Erik Kofoed"]
[Result "1-0"]
[WhiteElo "1549"]
[BlackElo "2069"]
[WhiteFideId "1190881"]
[BlackFideId "1401840"]
[EventDate "2015.03.10"]

1. e4 c5 2. Nf3 g6 3. d4 cxd4 4. Nxd4 Bg7 5. Bc4 Nc6 6. c3 d6 7. Be3 Nf6 8. f3
O-O 9. O-O Bd7 10. Nd2 a6 11. a4 Rc8 12. Nxc6 Bxc6 13. Bb3 d5 14. e5 Nd7 15. f4
b6 16. Nf3 Nc5 17. Bc2 Bb7 18. Qe1 e6 19. Rd1 a5 20. g4 f6 21. Qh4 f5 22. Qh3
Qe7 23. gxf5 gxf5 24. Rf2 Ne4 25. Bxe4 dxe4 26. Nd4 Rcd8 27. Rg2 Rf7 28. Kf2 Bd5
29. Rdg1 Qe8 30. Rg3 Qxa4 31. Qh5 Rdd7 32. Rxg7+ 1-0

[Event "Reykjavik Open 2015"]
[Site "Reykjavik ISL"]
[Date "2015.03.17"]
[Round "9.76"]
[White "Moller, Agnar T"]
[Black "Eijk, Yuri"]
[Result "1/2-1/2"]
[WhiteElo "1806"]
[BlackElo "2062"]
[WhiteFideId "2303469"]
[BlackFideId "1017810"]
[EventDate "2015.03.10"]

1. Nf3 c5 2. b3 Nc6 3. Bb2 d6 4. e3 Bg4 5. Be2 e6 6. c4 Nf6 7. O-O Be7 8. Nc3
O-O 9. Rc1 d5 10. cxd5 Nxd5 11. d4 cxd4 12. Nxd5 Qxd5 13. Nxd4 Bxe2 14. Nxe2
Rfd8 15. Qxd5 Rxd5 16. Rfd1 Rxd1+ 17. Rxd1 Rd8 18. Rxd8+ Bxd8 19. Kf1 f6 20. Nf4
Kf7 21. Ke2 a6 22. Nd3 Be7 23. g4 g6 24. h3 Nb4 25. Nxb4 Bxb4 26. f4 f5 27. g5
Ke7 28. Kd3 Kd6 29. a3 Bc5 30. b4 Bb6 31. Bd4 Bxd4 1/2-1/2